ঢ়
ক্ষ
ড়
ঢ়
য়
র-ফলা‌‌‌
 
 
য-ফলা
ি
 
 
রেফ
 
 
 
যুক্ত করুন/হসন্ত
Space
Enter

Cost-benefit analysis for executive decision making : (Record no. 6241)

000 -LEADER
fixed length control field 00671nam a22002177a 4500
001 - CONTROL NUMBER
control field 1377
003 - CONTROL NUMBER IDENTIFIER
control field BD-DhUAP
005 - DATE AND TIME OF LATEST TRANSACTION
control field 20201228102524.0
008 - FIXED-LENGTH DATA ELEMENTS--GENERAL INFORMATION
fixed length control field 201228s1979 nyu||||| |||| 001 0 eng d
020 ## - INTERNATIONAL STANDARD BOOK NUMBER
International Standard Book Number 0814454909
040 ## - CATALOGING SOURCE
Original cataloging agency BD-DhUAP
Language of cataloging Eng
Transcribing agency BD-DhUAP
Modifying agency BD-DhUAP
082 ## - DEWEY DECIMAL CLASSIFICATION NUMBER
Edition number 23
Classification number 658.403 OXE
100 ## - MAIN ENTRY--PERSONAL NAME
Personal name Oxenfeldt, Alfred Richard.
245 ## - TITLE STATEMENT
Title Cost-benefit analysis for executive decision making :
Remainder of title the danger of plain common sense /
Statement of responsibility, etc. Alfred Richard Oxenfeldt.
260 ## - PUBLICATION, DISTRIBUTION, ETC.
Place of publication, distribution, etc. New York :
Name of publisher, distributor, etc. Amacom,
Date of publication, distribution, etc. ©1979.
300 ## - PHYSICAL DESCRIPTION
Extent 432 pages ;
Dimensions 24 cm.
500 ## - GENERAL NOTE
General note Includes index.
650 ## - SUBJECT ADDED ENTRY--TOPICAL TERM
Topical term or geographic name entry element Cost effectiveness.
650 ## - SUBJECT ADDED ENTRY--TOPICAL TERM
Topical term or geographic name entry element Decision making.
942 ## - ADDED ENTRY ELEMENTS (KOHA)
Source of classification or shelving scheme
Koha item type Book
Holdings
Withdrawn status Lost status Source of classification or shelving scheme Damaged status Not for loan Permanent Location Current Location Shelving location Date acquired Full call number Barcode Date last seen Copy number Price effective from Koha item type
          UAP Central Library UAP Central Library General Stacks 2020-12-28 658.403 OXE 3010001377 2020-12-28 1 2020-12-28 Book

All rights reserved © UAP Central Library,
University of Asia Pacific.